| 000 -LEADER |
| fixed length control field |
01415nam a2200241 4500 |
| 001 - CONTROL NUMBER |
| control field |
21823 |
| 003 - CONTROL NUMBER IDENTIFIER |
| control field |
BD-DhUAP |
| 005 - DATE AND TIME OF LATEST TRANSACTION |
| control field |
20230531175615.0 |
| 008 - FIXED-LENGTH DATA ELEMENTS--GENERAL INFORMATION |
| fixed length control field |
230531b2022 bg a|||| |||| 001 0aBen d |
| 020 ## - INTERNATIONAL STANDARD BOOK NUMBER |
| International Standard Book Number |
9789847768946 |
| 040 ## - CATALOGING SOURCE |
| Original cataloging agency |
BD-DhUAP |
| Language of cataloging |
BEN |
| Transcribing agency |
BD-DhUAP |
| Modifying agency |
BD-DhUAP |
| 082 ## - DEWEY DECIMAL CLASSIFICATION NUMBER |
| Edition number |
23 |
| Classification number |
954.9205 KRI |
| 245 ## - TITLE STATEMENT |
| Title |
ক্রীড়াঙ্গন থেকে রণাঙ্গন : |
| Remainder of title |
শহিদ জুয়েল বীর বিক্রম স্মারকগ্রন্থ / |
| Statement of responsibility, etc. |
গ্রন্থনা রুবিনা হোসেন ; সম্পাদক মুহাম্মদ কামরুজ্জামান । |
| 260 ## - PUBLICATION, DISTRIBUTION, ETC. |
| Place of publication, distribution, etc. |
ঢাকা : |
| Name of publisher, distributor, etc. |
বাংলাদেশ ক্রিকেট সাপোর্টার্স অ্যাসোসিয়েশন (বিসিএসএ), |
| Date of publication, distribution, etc. |
২০২২ । |
| 300 ## - PHYSICAL DESCRIPTION |
| Extent |
৩৪২ পৃষ্ঠা : |
| Other physical details |
চিএ ; |
| Dimensions |
২৪ সে.মি. |
| 504 ## - BIBLIOGRAPHY, ETC. NOTE |
| Bibliography, etc. note |
গ্রন্থপঞ্জিগত নির্দেশিকা ও নিঘন্ট অন্তর্ভুক্ত। |
| 600 ## - SUBJECT ADDED ENTRY--PERSONAL NAME |
| Personal name |
চৌধুরী, আব্দুল হালিম, |
| Dates associated with a name |
১৯৫০-১৯৭১ |
| 650 ## - SUBJECT ADDED ENTRY--TOPICAL TERM |
| Topical term or geographic name entry element |
Bangladesh |
| General subdivision |
History |
| Chronological subdivision |
Revolution, 1971. |
| 650 ## - SUBJECT ADDED ENTRY--TOPICAL TERM |
| Topical term or geographic name entry element |
Martyrs |
| General subdivision |
Correspondence. |
| Geographic subdivision |
Bangladesh. |
| 700 ## - ADDED ENTRY--PERSONAL NAME |
| Personal name |
হোসেন, রুবিনা |
| 700 ## - ADDED ENTRY--PERSONAL NAME |
| Personal name |
কামরুজ্জামান, মুহাম্মদ |
| 942 ## - ADDED ENTRY ELEMENTS (KOHA) |
| Source of classification or shelving scheme |
|
| Koha item type |
Book |